Top 25 Players in Charlotte Hornets History - Statistics

General Stats
  • This quiz has been taken 46 times
  • The average score is 12 of 25
Answer Stats
Position Player % Correct
PG Kemba Walker
100%
C Alonzo Mourning
95%
PF Larry Johnson
89%
SG Glen Rice
76%
PG Muggsy Bogues
65%
PF Marvin Williams
62%
PG Baron Davis
59%
SG Dell Curry
59%
SG Eddie Jones
59%
SF Gerald Wallace
54%
PF Emeka Okafor
49%
SG Kendall Gill
49%
PF Michael Kidd-Gilchrist
49%
C Vlade Divac
49%
C Al Jefferson
46%
SF Stephen Jackson
46%
SF Anthony Mason
43%
SF Jamal Mashburn
41%
SF Nicolas Batum
38%
PG Raymond Felton
32%
SG Jason Richardson
27%
SF Miles Bridges
16%
PG Jeremy Lin
14%
PF Boris Diaw
5%
C Tyson Chandler
5%
No matching quizzes found
Score Distribution
Percent of People with Each Score
Percentile by Number Answered
Your Score History
You have not taken this quiz